[Event "Tournoi francophone 022D"]
[Site "Skype"]
[Date "????.??.??"]
[Round "7.1"]
[White "Le Bouill, Pierre"]
[Black "Bucherie, Volcy"]
[Result "1-0"]
[WhiteElo "1534"]
[BlackElo "1524"]
[PlyCount "69"]

1. Nf3 Nf6 2. d4 d6 3. h3 c5 4. c3 b5 5. e3 a6 6. Be2 Bb7 7. b3 Nbd7 8. Bb2 d5
9. Nbd2 e6 10. O-O Bd6 11. c4 O-O 12. cxd5 Bxd5 13. Ne5 Nxe5 14. dxe5 Be7 15.
exf6 Bxf6 16. Bxf6 Qxf6 17. Bf3 Bxf3 18. Qxf3 Qd8 19. Rad1 Qd3 20. Ne4 Qc2 21.
Rc1 Qxa2 22. Nxc5 a5 23. Nd7 Rfd8 24. Ne5 f6 25. Nc6 Re8 26. Ne7+ Kf7 27. Nc6
Qxb3 28. Nd4 Qb2 29. Rc7+ Kf8 30. Nxe6+ Kg8 31. Rxg7+ Kh8 32. Re7 Rec8 33. Rc7
Re8 34. Qf5 Re7 35. Rxe7 1-0

[Event "Tournoi francophone 022D"]
[Site "Skype"]
[Date "????.??.??"]
[Round "7.2"]
[White "Milanese, Serge"]
[Black "Briere, Jean"]
[Result "0-1"]
[WhiteElo "1521"]
[BlackElo "1585"]
[PlyCount "60"]

1. d4 d5 2. Bf4 Bf5 3. e3 Nf6 4. Bd3 Bg6 5. Nf3 Nc6 6. c3 e6 7. h3 Bd6 8. Ne5
Bxe5 9. dxe5 Nd7 10. Bc2 Ncxe5 11. Nd2 Nd3+ 12. Bxd3 Bxd3 13. Nf3 Bb5 14. Qd4
O-O 15. h4 c5 16. Qd1 h6 17. Ne5 Nxe5 18. Bxe5 f6 19. Bg3 Qe7 20. h5 Rfd8 21.
f4 e5 22. f5 e4 23. Kf2 Bd3 24. Bf4 Rac8 25. Qg4 Kh8 26. Qg6 Rg8 27. Bxh6 gxh6
28. Qxh6+ Qh7 29. Qxf6+ Qg7 30. Qh6+ Qxh6 0-1

[Event "Tournoi francophone 022D"]
[Site "Skype"]
[Date "????.??.??"]
[Round "7.3"]
[White "Busto, Ricardo"]
[Black "Vincent, Andre"]
[Result "0-1"]
[WhiteElo "1549"]
[BlackElo "1533"]
[PlyCount "78"]

1. d4 Nf6 2. c4 e6 3. Nf3 c5 4. d5 exd5 5. cxd5 d6 6. Nc3 a6 7. Bg5 Nbd7 8. e4
Be7 9. Bd3 O-O 10. O-O h6 11. Bh4 Re8 12. h3 Nf8 13. Re1 Ng6 14. Bg3 Bd7 15. a3
Rc8 16. e5 Nh5 17. Bh2 Ngf4 18. Bc2 g6 19. Qd2 Bg5 20. Nxg5 Qxg5 21. Bxf4 Nxf4
22. g3 Nxh3+ 23. Kg2 Qxd2 24. Re2 Qxe2 25. Nxe2 Rxe5 26. Ng1 Nxg1 27. Kxg1 Rce8
28. Bb3 Kg7 29. f4 Re1+ 30. Rxe1 Rxe1+ 31. Kf2 Rb1 32. Ke3 Rxb2 33. Bd1 Bf5 34.
a4 a5 35. Be2 Rb3+ 36. Kf2 Bd3 37. Bf3 Rb2+ 38. Ke3 Bc2 39. Be2 Bxa4 0-1

[Event "Tournoi francophone 022D"]
[Site "Skype"]
[Date "????.??.??"]
[Round "7.4"]
[White "Farfallini, Michel"]
[Black "Ruiz Aguilera, Juan Jesus"]
[Result "1-0"]
[WhiteElo "1642"]
[BlackElo "1489"]
[PlyCount "35"]

1. d4 Nf6 2. c4 g6 3. Nf3 Bg7 4. Nc3 d5 5. cxd5 Nxd5 6. e4 Nxc3 7. bxc3 f5 8.
e5 Qd5 9. Qb3 Be6 10. c4 Qa5+ 11. Bd2 Qb6 12. Ng5 Qxd4 13. Bc3 Qb6 14. Qxb6
cxb6 15. Nxe6 Kf7 16. Nxg7 Kxg7 17. e6+ Kh6 18. Bxh8 1-0

[Event "Tournoi francophone 022D"]
[Site "Skype"]
[Date "????.??.??"]
[Round "7.5"]
[White "De Fazio, Monica"]
[Black "Malbec, Robert"]
[Result "1-0"]
[WhiteElo "1566"]
[BlackElo "1499"]
[PlyCount "55"]

1. d4 d5 2. Nf3 e6 3. g3 Nf6 4. Bg2 Bb4+ 5. Bd2 Nc6 6. O-O Ba5 7. Ne5 Bb6 8.
Nxc6 bxc6 9. e3 O-O 10. c4 a6 11. Nc3 Bb7 12. b3 a5 13. Qc2 Ba6 14. Ne2 h6 15.
e4 Qd7 16. exd5 exd5 17. Rfe1 Rfe8 18. Rac1 Re7 19. Be3 Rae8 20. Nf4 Ng4 21.
cxd5 Nxe3 22. fxe3 Rxe3 23. dxc6 Qxd4 24. Rxe3 Rxe3 25. Kh1 Qe5 26. Qd2 Bd3 27.
Nxd3 Re2 28. Nxe5 1-0